Révisions Sociologie Politique - Auteurs - Statistiques

Statistiques générales
  • Ce quiz a été pris 22 fois
  • Le résultat moyen est 4 sur 33
Statistiques - réponses
Réponse % Correct
Pierre Bourdieu
100%
André Siegfried
33%
Daniel Gaxie
33%
Eric Agrikoliansky et al.
33%
Ivan Bruneau
33%
Julian Mishi
33%
Lorenzo Barrault-Stella et al.
33%
Nicolas Hubé
33%
Nonna Mayer
33%
Patrick Lehingue
33%
Violaine Girard
33%
Camille Hamidi
0%
Catherine Achin, Sandrine Lévêque
0%
Christophe Le Digol
0%
Cynthia M. Duncan
0%
Daniel Gaxie, Patrick Lehingue
0%
Emmanuel Henry
0%
Erik Neveu
0%
Félicien Faury
0%
Ivan Bruneau, Nicolas Renahy
0%
Jean-Baptiste Legavre
0%
Julien Bolaert, Sébastien Michon, Etienne Ollion
0%
Julien Boyadjian
0%
Laurent Godmer
0%
Lorenzo Barrault-Stella, Julien Talpin
0%
Marc Abélès
0%
Michel Koebel
0%
Michel Offerlé
0%
Olivier Baisnée
0%
Paul Lazarsfeld, Bernard Berelson, Hazel Gaudet
0%
Paul Lazarsfeld, Bernard Berelson,William McPhee
0%
Sally Schnapper
0%
Stéphanie Guyon
0%
Aucun quiz correspondant
Distribution des résultats
% des personnes avec chaque résultat
Percentile par nombre de réponses
Votre historique - résultats
Vous n’avez pas pris ce quiz